Introducción a la apreciación musical y repertorio coral a 2 y 3 voces /
Guardado en:
| Autor Principal: | |
|---|---|
| Formato: | Libro |
| Publicado: |
Buenos Aires :
Ricordi Americana,
1969
|
| Edición: | 13a. ed. |
| Etiquetas: |
Agregar Etiqueta
Sin Etiquetas, Sea el primero en etiquetar este registro!
|
| LEADER | 00725nam a22001695a 4500 | ||
|---|---|---|---|
| 001 | CEM.cems000842 | ||
| 005 | 20060210000000.0 | ||
| 008 | 130507s1969##################000#0#####d | ||
| 003 | CEMS | ||
| 082 | 0 | 4 | |a 780.7 |
| 100 | 1 | |a Bareilles, Oscar S. | |
| 245 | 1 | 0 | |a Introducción a la apreciación musical y repertorio coral a 2 y 3 voces / |
| 250 | |a 13a. ed. | ||
| 260 | |a Buenos Aires : |b Ricordi Americana, |c 1969 | ||
| 300 | |a 179 p. | ||
| 505 | 0 | |a Historia de la m£sica.-Teor¡a.-Biograf¡as: Clasicismo; Juan Sebastián Bach; Wolfgang Amadeo Mozart.-Compases compuestos.-Biograf¡as: Roamnticismo; Luis van Beethoven; Franz Schubert.-Opera: Verdi y Wagner.-Canto coral. | |
| 859 | |a CEMS |b BIB. CEMS - 11 de abril |h 780.7 |i B237-1a13 |p 2001.74 |t Ej.1 | ||
